[Event "Stay Safe Play From Home 236"]
[Site "Emanuel Lasker Arena"]
[Date "2020.06.18"]
[Round "2"]
[White "Broken sword"]
[Black "SoulofWolf"]
[Result "1-0"]
[WhiteElo "2426"]
[BlackElo "2178"]
[Annotator "TA"]
[PlyCount "125"]
[EventDate "2020.06.18"]
[EventType "swiss (blitz)"]

{[%evp 9,125,28,46,46,42,43,40,47,53,51,48,14,24,14,30,9,53,25,203,45,171,75,94,72,87,18,35,-35,45,-68,-41,-32,20,-20,-11,-83,-17,-34,16,-71,14,-25,59,58,119,73,81,67,347,0,267,69,122,50,91,93,88,88,135,47,110,0,221,75,122,76,175,160,280,282,259,250,346,218,443,287,3822,769,716,562,561,555,624,570,610,575,558,551,622,609,585,476,464,437,827,636,644,638,1021,1034,1091,1089,2017,1961,29990,29991,29997,5295,3235,2206,1939,1769,29982,29983,5343,5092,29985,29986]} 1. e4 d5 2. exd5 Qxd5 3. Nf3 Qd8 4. Nc3 Nf6 5. h3 g6 6. d4 {B01: Scandinavian Defence.} Bg7 7. Bc4 O-O 8. O-O {White is slightly better.} b6 9. Re1 Bb7 10. a3 Nc6 {[#]} 11. Ba2 $146 ({Predecessor:} 11. Bg5 h6 12. Bf4 e6 13. Qd3 Ne7 14. Rad1 Ned5 15. Nxd5 Nxd5 16. Bg3 Qc8 17. Ba2 {1-0 (40) Holm,K (2474)-Cederstam Barsk,C (2334) Sarpsborg 2019}) 11... a5 12. Ne2 h6 13. c3 Qd7 $2 {[#]} (13... e6 $11) 14. Ng3 $2 (14. Nf4 $1 $18) 14... Nd5 (14... e6 $14) 15. Bd2 (15. c4 $18 Nf6 16. d5) 15... e6 $16 16. Qc1 Kh7 17. Nh2 (17. Re4 $16) 17... Rae8 $11 18. Ng4 (18. b4 $14) 18... h5 ({Black should play} 18... f5 $1 $15 19. Ne5 (19. Nxh6 $2 f4 $17) 19... Nxe5 20. dxe5 c5) 19. Ne3 (19. Ne5 $14 Nxe5 20. dxe5) 19... Nxe3 20. Bxe3 Ne7 (20... e5 $15 21. d5 Ne7) 21. Qd2 Nd5 22. Nf1 (22. Ne4 $11 {keeps the balance.}) 22... Qc6 (22... Nxe3 $17 23. Qxe3 e5 24. dxe5 Qc6) 23. f3 b5 24. Rac1 (24. Bf2 $11) 24... Ba6 (24... Nxe3 $17 25. Nxe3 Qd6) 25. Qf2 f5 (25... Nxe3 $11 26. Nxe3 Rd8) 26. Bg5 $14 Rf7 (26... Qd7 $14) 27. Ne3 {And now Nxd5 would win.} Nf6 28. Qh4 Ng8 $2 {[%mdl 8192]} ({Black should try} 28... Rff8 $14) 29. Qf2 $2 (29. g4 $18) 29... Bb7 $2 {[%mdl 8192]} (29... Nf6 $11) 30. Nf1 $2 (30. d5 $1 $18 {[%cal Rd5c6]} Qc5 31. dxe6) 30... Bf6 (30... Qd7 $14) 31. Qd2 (31. Rxe6 $16 Rxe6 32. d5 {[%mdl 64] Double Attack}) 31... Bg7 32. Re2 Nf6 33. Rce1 {[%cal Re2e6]} Rfe7 {[#]} 34. Ng3 ({Better is} 34. Qf4 $1 $16) 34... Bc8 (34... Qd6 $14) 35. Nf1 (35. Nh1 $16) 35... Nd5 $2 (35... Bb7 $11 {and Black is okay.}) 36. Qc1 (36. Bxe7 $18 {has better winning chances.} Rxe7 37. Qg5) 36... Rf7 $16 37. Nd2 f4 (37... b4 $16) 38. Nb3 $36 {[%mdl 2048] Black is under strong pressure.} Ne3 {[#]} (38... Rf5 $16 {was worth a try.}) 39. Bxf4 $1 $18 {[%mdl 512]} Rxf4 40. Qxe3 ({But not} 40. Nxa5 $6 Qd6 $18) 40... Ref8 41. Nc5 {[%cal Ra2e6]} Bh6 $2 (41... e5 42. d5 (42. dxe5 Rxf3 43. gxf3 Rxf3 $16) 42... Qd6) 42. Nxe6 R4f6 $2 (42... Bxe6 43. Qxe6 Qxe6 44. Rxe6 Bg5) 43. Nxf8+ (43. Ng5+ $142 Bxg5 44. Qxg5) 43... Rxf8 44. Qe4 Qxe4 45. Rxe4 Bg5 46. h4 Bf6 47. Bd5 Kg7 48. Bc6 Rf7 49. Bxb5 Bf5 50. R4e2 Bxh4 51. Bc4 Bg5 (51... Rf6 $142 52. Rd1 Bg3 53. Re7+ Kh6) 52. g3 Rd7 53. Kg2 Bd3 54. Bxd3 h4 55. Re6 h3+ 56. Kxh3 Bh6 57. Rxg6+ Kh7 58. Rxh6+ (58. Rg5+ $142 Kh8 59. Re8+ Bf8 60. Rxf8#) 58... Kxh6 59. Re6+ Kg7 60. Re5 Rf7 61. Rg5+ Kf8 62. Kg4 Rg7 63. Rxg7 {Accuracy: White = 29%, Black = 26%.} 1-0

[Event "Stay Safe Play From Home 236"]
[Site "Emanuel Lasker Arena"]
[Date "2020.06.18"]
[Round "2"]
[White "little champs"]
[Black "Mepe_Nika"]
[Result "1-0"]
[WhiteElo "2268"]
[BlackElo "2369"]
[Annotator "TA"]
[PlyCount "135"]
[EventDate "2020.06.18"]
[EventType "swiss (blitz)"]

{[%evp 17,135,-21,0,0,0,0,0,0,0,-6,-19,-20,-24,-18,-14,-6,0,0,6,6,17,0,0,-23,25,-187,-24,-25,0,-28,-31,-35,-22,-28,0,0,97,94,162,-3,-4,-38,9,0,0,-45,22,0,0,-15,-28,-78,20,-67,-61,-318,-317,-310,-304,-453,-447,-432,-440,-425,-429,-720,-710,-884,-903,-889,-877,-5185,-1571,-1266,-525,-525,-521,-504,-472,-465,-465,-633,-628,-555,-188,-181,-153,-191,-187,-297,-210,-279,-235,-480,-479,-479,-456,-292,-13,-29964,-29964,-29971,-29973,-29974,-29975,-29976,-29976,-29976,-29976,-29978,-29977,-29982,-29983,-29986,-29985,-29990,-29975,-29980,-29980,-29974]} 1. d4 c5 2. e3 cxd4 3. exd4 d5 4. Nf3 Nc6 5. Be2 Bg4 6. O-O e6 7. h3 Bh5 8. Nc3 Nf6 9. Bg5 Be7 10. Ne5 {B13: Caro-Kann: Exchange Variation and Panov-Botvinnik Attack.} Bxe2 11. Nxe2 Nxe5 12. dxe5 {The position is equal.} Nd7 13. Bxe7 Qxe7 14. f4 Rc8 15. c3 {[#]} O-O $146 ({Predecessor:} 15... g6 16. Nd4 a6 17. Qb3 Nc5 18. Qc2 Ne4 19. Nf3 h5 20. Rad1 b5 21. Nd4 Kf8 {0-1 (37) Frank,D (2449)-Gadeo Colomina,F (2079) playchess.com INT 2004}) 16. Kh2 f6 17. exf6 Nxf6 18. Qd4 Ne4 19. Rae1 Qd6 20. g3 Qc5 21. Rd1 $2 (21. Qxc5 $11 {and White has nothing to worry.} Rxc5 22. Nd4) 21... b6 $2 (21... Qb5 $19 22. Rfe1 Qxb2) 22. Rfe1 $11 Rfe8 23. Qxc5 bxc5 24. Kg2 c4 25. Nd4 e5 26. fxe5 Rxe5 {[#]} (26... Rb8 $11) 27. Nf3 $1 $16 {[%cal Rf3e5]} Rf5 (27... Re6 $16) 28. Re2 $2 (28. g4 $18 Rf7 29. Rxd5) 28... Rcf8 $11 29. Rf1 (29. Re3 $5 {[%cal Rg3g4]}) 29... Ng5 {[%cal Rg5f3]} 30. Ref2 ({Better is} 30. Nd2 $11) 30... Ne4 $36 {[%mdl 2048] Black fights for an advantage.} 31. Re2 Ng5 (31... R5f6 $15) 32. Re3 h6 33. h4 Ne4 34. Rd1 Nc5 ({Black should try} 34... R8f6 $17 35. g4 Rg6) 35. Rd4 (35. Ne5 $11) 35... Nd3 {Threatens to win with ...Rxf3!} 36. b3 $2 {[%mdl 8192] [#]} (36. Ne1 $15) 36... Rxf3 $1 $19 {[%mdl 576] Remove Defender, Deflection, Decoy} 37. Rxf3 {[%mdl 4096] Endgame KRR-KRN} Ne1+ {[%mdl 64] Double Attack} 38. Kf2 (38. Kh3 $142 Rxf3 39. bxc4) 38... Nxf3 39. Rxd5 Nxh4+ {KRN-KR} 40. Ke2 Nf5 41. bxc4 (41. g4 $142 Ng3+ 42. Ke3) 41... Nxg3+ 42. Kd3 h5 43. c5 h4 {Hoping for ...h3.} 44. Rg5 Rf5 45. Rg4 Rxc5 46. Rxh4 Nf5 47. Ra4 Rc7 48. Ra5 Rf7 49. Ra6 g5 50. Rg6+ Kf8 $2 (50... Rg7 51. Rf6 Nh4) 51. Rxg5 Nd6 52. Rd5 Ke7 53. c4 (53. Ra5 $142) 53... Ke6 54. Rh5 Rf3+ 55. Ke2 $2 (55. Kd4) 55... Ra3 56. Rh6+ Ke5 57. Rh5+ Kd4 $2 ({Black should play} 57... Nf5 $19 58. Kd2 Ke4) 58. Rh8 $2 {[%mdl 8192]} (58. Rd5+ $11 Kxc4 59. Rxd6) 58... Ne4 {Black mates.} 59. Rd8+ Kxc4 60. Rc8+ Nc5 61. Kf2 Rxa2+ 62. Kg3 a5 {[%cal Ba7a5,Ba5a4,Ba4a3,Ba3a2][%mdl 32]} 63. Kg4 a4 64. Kf5 a3 65. Ke5 Re2+ 66. Kd6 Kb3 67. Rxc5 a2 68. Rb5+ {[%mdl 32768] Accuracy: White = 43%, Black = 49%. . Loss on time!?} 1-0

[Event "Stay Safe Play From Home 236"]
[Site "Emanuel Lasker Arena"]
[Date "2020.06.18"]
[Round "2"]
[White "Lamborghini"]
[Black "Trotsky"]
[Result "1-0"]
[WhiteElo "2233"]
[BlackElo "1505"]
[Annotator "TA"]
[PlyCount "63"]
[EventDate "2020.06.18"]
[EventType "swiss (blitz)"]

{[%evp 12,63,27,22,174,186,173,174,229,214,295,300,339,325,410,359,470,466,456,458,481,474,610,437,764,770,771,773,758,771,791,781,875,877,862,862,937,927,912,908,914,875,940,934,1001,959,1193,961,1040,1038,1340,1169,1567,1337]} 1. e4 c5 2. Nf3 Nc6 3. d4 cxd4 4. Nxd4 Nf6 5. Nc3 e6 6. Ndb5 d6 7. Bf4 {[%cal Rb5d6]} a6 $2 {B45: Sicilian Four Knights.} (7... e5 $11 {and Black stays safe.} 8. Be3 a6) 8. Nxd6+ $18 Bxd6 9. Qxd6 {[#]} e5 $146 (9... Qxd6 $142 10. Bxd6 b5) ({Predecessor:} 9... Qe7 10. O-O-O Bd7 11. Qd2 Qd8 12. e5 Nd5 13. Nxd5 exd5 14. Qxd5 Rc8 15. Bc4 Be6 16. Qxd8+ Nxd8 17. Bxe6 fxe6 {1-0 (31) Kappes,D (2104)-Fischer,D (2119) ICCF email 2015}) 10. Qxd8+ {[%mdl 64] [#] Overworked Piece} Nxd8 11. Bxe5 O-O 12. O-O-O b6 13. Bc7 Nc6 14. Bxb6 {White is clearly winning.} Be6 15. f3 Nb4 16. a3 a5 17. Bc5 Rfc8 (17... Na2+ $142 18. Nxa2 Rfc8) 18. axb4 axb4 19. Bxb4 Ra1+ 20. Kd2 Rd8+ 21. Bd3 Rxd1+ 22. Rxd1 Nd7 23. Ra1 Nb6 24. Ke3 Nc4+ 25. Bxc4 Bxc4 26. Ra7 h6 {[#]} 27. Nd5 $1 Kh7 (27... Bxd5 28. exd5) 28. b3 Bf1 29. Nf4 g5 30. Kf2 h5 31. Nxh5 Kh6 32. Nf6 {Black got outplayed after the opening. Accuracy: White = 81%, Black = 11%.} 1-0

[Event "Stay Safe Play From Home 236"]
[Site "Emanuel Lasker Arena"]
[Date "2020.06.18"]
[Round "2"]
[White "Lazieri3"]
[Black "NeatFox"]
[Result "1-0"]
[WhiteElo "2101"]
[BlackElo "1777"]
[Annotator "TA"]
[PlyCount "91"]
[EventDate "2020.06.18"]
[EventType "swiss (blitz)"]

{[%evp 10,90,61,68,74,60,64,62,117,89,160,174,469,355,338,144,194,115,139,144,136,135,235,240,382,364,347,-43,258,262,257,257,533,520,654,385,1040,791,774,400,29985,29986,29992,29993,29993,29994,29998,29995,29995,29996,29996,29992,29992,29993,29993,29994,29994,29995,29995,29995,29995,29995,29998,29996,29996,29996,29996,29996,29996,29995,29996,29997,29997,29997,29997,29997,29997,29998,29998,29998,29998,29999,29999]} 1. e4 b6 2. Nc3 Bb7 3. d4 g6 4. f3 Bg7 5. Be3 Nf6 6. Qd2 d6 {B00: Queen's Fianchetto Defence, Nimzowitsch Defence.} 7. Bh6 Bxh6 8. Qxh6 {[#]} Rg8 $146 (8... e5 $14) ({Predecessor:} 8... Qd7 9. O-O-O a6 10. Bc4 d5 11. exd5 Bxd5 12. Nxd5 Nxd5 13. Nh3 Qc6 14. Bb3 Nd7 {1-0 (51) Omanovic,V (2018)-Smajlovic,S (1723) Bosna 2017}) 9. Nh3 c5 (9... e5 $142) 10. dxc5 $16 dxc5 $2 (10... bxc5 11. Ng5 Nbd7) 11. Rd1 Qc7 12. Ng5 (12. Nb5 $18 {[%cal Rb5c7]} Qe5 13. Ng5 (13. Qd2 Nc6 $11)) 12... Nbd7 13. Nxh7 ({Better is} 13. Bc4 $18 Ne5 14. Be2) 13... Nxh7 14. Qxh7 Rf8 15. Bc4 e6 (15... a6 $16 {is a better defense.} 16. O-O Qf4) 16. Bxe6 $18 ({Don't do} 16. Nb5 $6 Qf4) 16... fxe6 (16... Nf6 $142 17. Qh6 fxe6) 17. Qxg6+ Ke7 18. h4 $2 (18. Qg5+ $18 Rf6 {[#]} 19. Rxd7+ $1 {[%mdl 576] Remove Defender, Deflection} Qxd7 20. e5 {[%mdl 64] Pin}) 18... Rf6 $2 {[%mdl 8192] Now Black is done in.} (18... Qf4 $15 {keeps the upper hand.}) 19. Qg7+ Rf7 20. Qg5+ Nf6 $2 (20... Kf8 {was worth a try.} 21. Nb5 Qd8 22. Qxd8+ Rxd8) 21. e5 {[%mdl 64] Pin} Raf8 22. h5 {Threatens to win with h6.} Ke8 $2 (22... Qb8 23. O-O Rg8 24. exf6+ Rxf6 25. Rd7+ {[%mdl 64] Deflection} Kxd7 26. Qxf6 Qg3) 23. exf6 Rxf6 24. h6 {And now h7 would win.} e5 (24... Qf4 $18 25. Qh5+ R6f7) 25. h7 {White mates.} e4 26. h8=Q Rxh8 27. Rxh8+ Kf7 28. Rh7+ Ke6 29. Rxc7 exf3 {[#]} 30. Qxf6+ $3 Kxf6 31. Rxb7 fxg2 32. Kf2 g1=Q+ 33. Rxg1 c4 34. Rxa7 Ke5 35. Rb7 Kd4 36. Rxb6 Kc5 37. Rb8 Kd4 38. Rg4+ Ke5 39. Re4+ Kf6 40. Rb6+ Kg7 41. Ke3 Kf7 42. Rxc4 Ke7 43. Rc7+ Kd8 44. Rh7 {[%cal Rb6b8]} Kc8 45. Rg6 {[%cal Rg6g8]} Kd8 46. Rg8# {Accuracy: White = 39%, Black = 18%.} 1-0

[Event "Stay Safe Play From Home 236"]
[Site "Emanuel Lasker Arena"]
[Date "2020.06.18"]
[Round "2"]
[White "Position"]
[Black "Tartak"]
[Result "1-0"]
[WhiteElo "2068"]
[BlackElo "1721"]
[Annotator "TA"]
[PlyCount "73"]
[EventDate "2020.06.18"]
[EventType "swiss (blitz)"]

{[%evp 9,73,0,0,-2,2,0,40,0,-2,0,0,-12,0,0,8,0,0,-20,-13,-39,-31,-71,-72,-52,-17,-36,4,-19,-2,-43,-40,-59,0,-56,-50,-30,0,0,0,-27,0,-3,30,0,89,56,61,17,39,-13,52,47,63,-72,-83,-360,-187,-303,114,112,1349,1328,12845,1587,29992,29990]} 1. e3 e6 2. d4 d5 3. h3 Nf6 4. Nf3 c5 5. Bd3 Nc6 6. O-O {[#] D00: 1 d4 d5: Unusual lines.} c4 $146 ({Predecessor:} 6... Bd6 7. Nbd2 O-O 8. a3 b6 9. c3 Bb7 10. Qc2 e5 11. dxe5 Nxe5 12. Nxe5 Bxe5 {1-0 (54) Nechita,V (1772)-Isfan,I (2054) Iasi 2018}) 7. Be2 Qc7 8. a4 {White is slightly better.} Bd7 9. b3 cxb3 10. cxb3 Bd6 11. Ba3 O-O 12. Bxd6 Qxd6 13. Na3 a6 14. Nc2 Rac8 15. Qd2 Ne4 16. Qe1 Ne7 17. Bd3 f5 18. Ne5 Ng6 19. Nxg6 hxg6 20. f3 Nc3 ({Black should play} 20... Rc3 $15 21. fxe4 (21. Bxe4 Rfc8 $17) 21... Rxd3) 21. Rc1 (21. Qd2 $11) 21... b5 22. axb5 axb5 23. b4 Na4 24. Qe2 Qb6 25. Kh1 Nc3 26. Qf2 Bc6 (26... Qd6 $11) 27. Qg3 Kf7 28. Rce1 Rh8 29. e4 (29. Ra1 $14) 29... dxe4 ({Better is} 29... Qc7 $11 30. Qxc7+ Rxc7) 30. fxe4 $14 Nxe4 31. Bxe4 (31. Rxe4 $14 {was the only good move.} Bxe4 32. Bxe4) 31... Bxe4 $17 32. Ne3 $2 {[%mdl 8192] [#]} (32. Rxe4 $17 Rxc2 33. d5 exd5 34. Re5) 32... Qxd4 (32... Rc3 $142 33. Kh2 Qxd4) 33. Ng4 (33. Rd1 $142 Qc3 34. Rd7+ Kg8 35. Kh2) 33... Bxg2+ $2 ({Weaker is} 33... Qxb4 34. Ne5+ Kg8 35. Rc1 $17) ({Black should try} 33... Rc2 $19 34. Rf2 Rc3) 34. Qxg2 $16 Qxg4 $4 {[%mdl 8192]} (34... Kg8 $16 35. Ne5 Qc3) 35. Qxg4 $18 Rc2 36. Qg3 {[#] White wants to mate with Rxe6!} Kf6 37. Rg1 {Accuracy: White = 40%, Black = 40%.} 1-0

[Event "Stay Safe Play From Home 236"]
[Site "Emanuel Lasker Arena"]
[Date "2020.06.18"]
[Round "2"]
[White "Greblha"]
[Black "BrainThinker22"]
[Result "0-1"]
[WhiteElo "1975"]
[BlackElo "2264"]
[Annotator "NA RC"]
[PlyCount "56"]
[EventDate "2020.06.18"]
[EventType "swiss (blitz)"]

1. e4 {[%emt 0:00:01]} c6 {[%emt 0:00:00]} 2. d4 {[%emt 0:00:01]} d5 {[%emt 0:00:00]} 3. exd5 {[%emt 0:00:01]} cxd5 {[%emt 0:00:00]} 4. Bd3 {[%emt 0:00:01]} Nf6 {[%emt 0:00:00]} 5. c3 {[%emt 0:00:01]} Nc6 {[%emt 0:00:00]} 6. Ne2 {[%emt 0:00:01]} Bg4 {[%emt 0:00:00]} 7. O-O {[%emt 0:00:01]} e6 {[%emt 0:00:01]} 8. Qe1 {[%emt 0:00:01]} Bd6 {[%emt 0:00:01]} 9. f3 {[%emt 0:00:01]} Bh5 {[%emt 0:00:01]} 10. Qh4 {[%emt 0:00:01]} Bg6 {[%emt 0:00:01]} 11. Bxg6 {[%emt 0:00:01]} fxg6 {[%emt 0:00:01]} 12. Bf4 {[%emt 0:00:01]} O-O {[%emt 0:00:02]} 13. Bxd6 {[%emt 0:00:01]} Qxd6 {[%emt 0:00:00]} 14. Qf4 {[%emt 0:00:00]} e5 {[%emt 0:00:01]} 15. dxe5 {[%emt 0:00:01]} Nxe5 {[%emt 0:00:00]} 16. Nd4 {[%emt 0:00:01]} Nfd7 {[%emt 0:00:02]} 17. Nd2 {[%emt 0:00:01]} Rxf4 {[%emt 0:00:01]} 18. Nb5 {[%emt 0:00:02]} Qb6+ {[%emt 0:00:01]} 19. Nd4 {[%emt 0:00:02]} Rxd4 {[%emt 0:00:01]} 20. cxd4 {[%emt 0:00:02]} Qxd4+ {[%emt 0:00:00]} 21. Kh1 {[%emt 0:00:01]} Qxd2 {[%emt 0:00:01]} 22. Rad1 {[%emt 0:00:00]} Qxb2 {[%emt 0:00:01]} 23. Rxd5 {[%emt 0:00:01]} Rf8 {[%emt 0:00:01]} 24. h4 {[%emt 0:00:02]} Qe2 {[%emt 0:00:01]} 25. Rdd1 {[%emt 0:00:01]} Nxf3 {[%emt 0:00:02]} 26. gxf3 {[%emt 0:00:01]} Rxf3 {[%emt 0:00:00]} 27. Rxd7 {[%emt 0:00:02]} Rh3+ {[%emt 0:00:01]} 28. Kg1 {[%emt 0:00:01]} Qh2# {[%emt 0:00:00] (Lag: Av=0.31s, max=0.7s)} 0-1

[Event "Stay Safe Play From Home 236"]
[Site "Emanuel Lasker Arena"]
[Date "2020.06.18"]
[Round "2"]
[White "Souchov"]
[Black "Hoffentlichreichts"]
[Result "0-1"]
[WhiteElo "1805"]
[BlackElo "2379"]
[Annotator "TA"]
[PlyCount "52"]
[EventDate "2020.06.18"]
[EventType "swiss (blitz)"]

{[%evp 9,51,43,109,57,62,80,249,-350,-360,-350,-362,-397,-383,-423,-410,-491,-478,-478,-435,-479,-460,-679,-655,-1287,-1287,-1272,-1270,-1271,-1252,-1822,-1222,-1581,-1356,-29997,-2066,-29998,-1883,-29998,-2053,-29999,-2494,-29987,-29988,-29999]} 1. e4 b6 2. d4 Bb7 3. Nc3 e6 4. Bd3 Bb4 5. Nge2 Nf6 ({Better is} 5... d5 $14) 6. e5 {B00: Queen's Fianchetto Defence, Nimzowitsch Defence.} (6. O-O $16) 6... Nd5 7. O-O {[#]} f5 $146 {[#]} (7... Nxc3 $16 8. Nxc3 (8. bxc3 Be7 $16) 8... Qh4) ({Predecessor:} 7... Nxc3 8. bxc3 Be7 9. Ng3 d5 10. Qg4 g6 11. Bh6 c5 12. dxc5 bxc5 13. Rab1 Bc6 {1-0 (48) Manish,K (2168)-Tiwari,A (2101) New Delhi 2020}) 8. Bg5 $4 {[%mdl 8192]} (8. Nxd5 $1 $18 {was the only winning move.} Bxd5 9. Nf4) 8... Qxg5 {White is on the road to losing.} 9. Nxd5 Bxd5 {[%csl Gd5][%cal Rg5g2]} 10. f3 Be7 11. c4 Bb7 12. a4 Qe3+ 13. Kh1 O-O 14. a5 Nc6 15. axb6 (15. a6 $142 Bc8 16. Bc2) 15... axb6 $19 {aiming for ...Rxa1.} 16. Qc2 Nb4 {[%mdl 64] [#] Double Attack} 17. Qc1 Qxd3 18. Ng3 Qxd4 {Threatens to win with ...Nd3.} 19. Rd1 Qxe5 20. Rxd7 Bd6 21. Qg5 h6 (21... Rxa1+ $142 22. Qc1 Rxc1+ 23. Nf1 Rxf1#) 22. Qg6 Qf6 (22... Rxa1+ $142 23. Nf1 Rxf1#) 23. Qh5 f4 (23... Rxa1+ $142 24. Nf1 Rxf1#) 24. Ne4 Qf5 (24... Rxa1# $142) 25. Rxa8 Rxa8 {[%cal Ra8a1]} 26. Qxf5 Ra1# {Accuracy: White = 27%, Black = 76%.} 0-1

[Event "Stay Safe Play From Home 236"]
[Site "Emanuel Lasker Arena"]
[Date "2020.06.18"]
[Round "2"]
[White "Aktürk"]
[Black "Haxhi Baha"]
[Result "0-1"]
[WhiteElo "1462"]
[BlackElo "2001"]
[Annotator "TA"]
[PlyCount "52"]
[EventDate "2020.06.18"]
[EventType "swiss (blitz)"]

{[%evp 9,52,-87,-35,-93,-82,-71,-47,-41,-45,-498,-258,-744,-562,-1270,-1267,-1229,-1225,-1199,-1206,-1314,-1271,-1950,-1811,-2106,-2108,-2332,-2338,-29990,-29991,-29999,-2550,-2337,-2284,-2804,-2747,-29984,-29982,-29990,-29991,-29995,-29995,-29995,-29993,-29995,-1491]} 1. e3 d5 2. Qf3 Nf6 3. b3 {[#]} c5 $146 ({Predecessor:} 3... Bg4 4. Qg3 Nc6 5. h3 Bh5 6. Nc3 e6 7. Nf3 Qd6 8. Qxd6 Bxd6 9. Nb5 O-O 10. Nxd6 cxd6 {0-1 (34) Dixon,G (330)-Lombardi,D (796) LSS email 2011}) 4. Bb2 Nc6 5. Qg3 Qb6 ({Better is} 5... h5 $17 {White must now prevent ...Ne4.} 6. Bd3 h4) 6. Bd3 {[#] A00: Irregular Openings.} (6. Nf3 $15) 6... c4 $1 {[%mdl 512]} 7. Be2 (7. bxc4 Qxb2) 7... Bf5 8. Bxf6 $1 {Strongly threatening Bc3.Black is slightly better.} exf6 9. d3 $2 {[%mdl 8192] This costs White the game.} (9. Nc3 $15 Qc5 10. Nf3) 9... Rd8 (9... Nb4 $142 10. Bd1 {[#]} Qa5 $1 {[%mdl 512]}) 10. Nc3 $2 (10. Nd2) 10... Bb4 11. Kd2 Qa5 12. Kd1 Bxc3 13. Rc1 O-O 14. Nf3 Nb4 15. a3 Na2 16. Nd4 Bxd4 17. exd4 Nc3+ 18. Kd2 Ne4+ {[%mdl 64] Double Attack, Discovered Attack (Double check)} 19. Kd1 Nxg3 (19... Qd2# $142) 20. hxg3 $19 Bg6 21. f4 cxb3 22. cxb3 Rc8 {Black mates.} 23. Rxc8 Rxc8 24. Bf3 {[#]} Qc3 $1 {[%mdl 64] Double Attack} 25. Ke2 Qc2+ 26. Ke3 Qxd3+ {Accuracy: White = 28%, Black = 64%.} 0-1

[Event "Stay Safe Play From Home 236"]
[Site "Emanuel Lasker Arena"]
[Date "2020.06.18"]
[Round "2"]
[White "Klasman"]
[Black "Bardellosport"]
[Result "0-1"]
[WhiteElo "1270"]
[BlackElo "2040"]
[Annotator "TA"]
[PlyCount "40"]
[EventDate "2020.06.18"]
[EventType "swiss (blitz)"]

{[%evp 11,40,12,32,29,39,25,92,91,87,60,52,-142,-54,-70,-50,-46,-45,-94,-56,-103,-26,-17,33,30,0,11,53,-39,389,232,491]} 1. f4 e6 2. Nf3 d5 3. c4 c6 4. e3 f5 5. Nc3 Nf6 6. d4 Bd6 7. Ne5 {A84: Dutch Defence: 2 c4 Miscellaneous.} Qe7 8. Bd3 {[#]} Bxe5 $146 (8... O-O $11 {remains equal.}) ({Predecessor:} 8... O-O 9. O-O b6 10. b3 Bb7 11. Bd2 Nbd7 12. Be1 Ne4 13. Bxe4 dxe4 14. Nxd7 Qxd7 {½-½ (48) Ilieva,G (1643)-Couwenberg,P (1611) Ohrid 2017}) 9. fxe5 $16 {White is better.} Ne4 {[#] And now ...Qh4+ would win.} 10. Bxe4 (10. Qh5+ {is more complex.} g6 11. Qh6 b6 12. O-O Ba6 13. a4) 10... dxe4 11. d5 $2 (11. Qh5+ $14 g6 12. Qh6) 11... exd5 (11... O-O $17 12. O-O exd5 13. cxd5 Qxe5) 12. cxd5 $15 Qxe5 13. O-O O-O 14. Qb3 cxd5 15. Nxd5 {[#] aiming for Nc7+.} Be6 ({Black should try} 15... Rf7 $1 $17 {Threatens to win with ...Be6.} 16. Rd1 Be6) 16. Ne7+ $11 Kf7 (16... Kh8 $5 {[%cal Re6b3]} 17. Qxb7 Nd7 $17) 17. Qxb7 Nd7 18. Nxf5 $1 {White wants to play Bd2.} Bxf5 19. g4 (19. Qxd7+ $1 $14 Kg8 20. Qd4 Qxd4 21. exd4) 19... g6 $2 {[%mdl 8192]} (19... Kg8 $15 {keeps the upper hand.} 20. Rxf5 Rxf5 21. Qxa8+ Rf8) 20. gxf5 (20. Qxd7+ $142 Kg8 21. gxf5) 20... gxf5 $2 {[%mdl 32768] Accuracy: White = 31%, Black = 23%. . Loss on time!?} (20... Qe7 {might work better.} 21. b3 Rab8 22. Qxa7 Ra8) 0-1

[Event "Stay Safe Play From Home 236"]
[Site "Emanuel Lasker Arena"]
[Date "2020.06.18"]
[Round "3"]
[White "Hoffentlichreichts"]
[Black "Broken sword"]
[Result "0-1"]
[WhiteElo "2380"]
[BlackElo "2433"]
[Annotator "TA"]
[PlyCount "78"]
[EventDate "2020.06.18"]
[EventType "swiss (blitz)"]

{[%evp 9,77,-9,-4,-50,2,-22,-20,-62,9,0,10,-27,17,15,20,0,0,-11,0,0,0,-27,-20,-17,0,0,0,0,7,0,34,0,0,-16,0,0,29,27,58,61,61,55,62,58,86,81,75,57,179,228,250,24,449,-67,-71,-161,-130,-220,443,446,573,557,460,-96,-86,-1142,-873,-6275,-3108,-29999]} 1. e3 d5 2. Nc3 c6 3. d4 Nf6 4. Nf3 Bg4 5. Bd3 Nbd7 6. h3 {A00: Irregular Openings.} Bh5 {[#]} (6... Bxf3 $1 $15 7. Qxf3 e5) 7. Ne2 $146 ({Predecessor:} 7. g4 Bg6 8. b3 Qc7 9. Nh4 e5 10. Bb2 O-O-O 11. Nxg6 hxg6 12. g5 Nh5 13. Qg4 exd4 14. Qxd4 {1-0 (49) Joshua,B (1663)-Alsaqer,M (1650) Kuwait 2017}) 7... e6 8. Nf4 {The position is equal.} Bg6 (8... Bxf3 $15 9. gxf3 Bd6) 9. Nxg6 $11 hxg6 10. O-O Bd6 11. c4 O-O 12. cxd5 exd5 13. Re1 Re8 14. Ng5 Nf8 15. Qf3 N8h7 16. Nxh7 Kxh7 17. Bd2 Kg8 18. b4 a6 19. a4 b5 20. axb5 axb5 21. Rac1 Rc8 22. Rc2 Qb6 23. Rec1 Nd7 24. h4 Nf6 25. g4 Ne4 26. Be1 $1 Be7 27. h5 gxh5 28. gxh5 Bg5 ({Better is} 28... Nd6 $14) 29. Qg4 $18 {Threatens to win with Bxe4.} Bh6 30. Kg2 $2 (30. Bxe4 $1 $18 dxe4 31. d5 $1 {[%mdl 512]}) 30... Re6 $2 {[%mdl 8192]} (30... Nd6 $11) 31. f3 $2 (31. Bxe4 $1 $18 dxe4 32. d5 $1 {[%mdl 512]}) 31... Nf6 $15 32. Qf5 (32. Qh4 $17 Bxe3 33. Bf5) 32... Rce8 33. Bf2 (33. f4 $17) 33... Qd8 $4 {[%mdl 8192]} (33... Bxe3 $19 34. Bxe3 Rxe3) 34. Rxc6 $18 Bxe3 35. Bxe3 Rxe3 {[#]} 36. Rxf6 $2 (36. Rc8 $1 $18 {[%cal Rc8d8]} Qd7 37. Qxd7 Nxd7 38. Bxb5 Rxc8 39. Rxc8+ Nf8 40. Bc6) 36... Qxf6 $17 37. Qh7+ $4 {[%mdl 8192] [#]} (37. Qxf6 $17 gxf6 38. Bxb5) 37... Kf8 $1 $19 38. Bf5 Qg5+ 39. Kf1 Rxf3# {Black used his chance. Accuracy: White = 48%, Black = 48%.} 0-1